000 00316nam a22001217a 4500
020 _a0-07-055603-2
082 _a620.11232 SCH'E
100 _aSOZA, N,ANDERSON, O.L,SCHREIBER, E
_977220
245 _aELASTIC CONSTANTS AND THEIR MEASUREMENT
260 _aNEWYORK
_bMCGRAW HILL
_c1973
300 _a196P
942 _cBK
999 _c582527
_d582527